| Tag |
First Indicator |
Second Indicator |
Subfields |
| LEADER |
00000cam a2200000Ia 4500 |
| 001 |
in00002637821 |
| 005 |
20151202093521.0 |
| 008 |
840915s1956 txua s000 0 eng d |
| 035 |
|
|
|a (OCoLC)ocm11156843
|
| 035 |
|
|
|a (OCoLC)11156843
|
| 040 |
|
|
|a TWT
|c TWT
|d OCL
|d UtOrBLW
|
| 049 |
|
|
|a TXAM
|
| 086 |
|
|
|a Z TA245.7 P943 no.1838
|2 txdocs
|
| 100 |
1 |
|
|a Smith, H. P.
|q (Harris Pearson),
|d 1891-
|
| 245 |
1 |
0 |
|a Harvesting cotton with mechanical strippers and pickers, College Station and Denton, 1955 /
|c H.P. Smith and D.I. Dudley.
|
| 264 |
|
1 |
|a College Station, Tex. :
|b Texas Agricultural Experiment Station,
|c 1956.
|
| 300 |
|
|
|a 7 leaves :
|b tables ;
|c 28 cm.
|
| 336 |
|
|
|a text
|b txt
|2 rdacontent
|
| 337 |
|
|
|a unmediated
|b n
|2 rdamedia
|
| 338 |
|
|
|a volume
|b nc
|2 rdacarrier
|
| 490 |
1 |
|
|a Progress report / Texas Agricultural Experiment Station ;
|v 1838
|
| 500 |
|
|
|a Caption title.
|
| 650 |
|
0 |
|a Cotton picking.
|
| 650 |
|
0 |
|a Cotton-picking machinery.
|
| 700 |
1 |
|
|a Dudley, D. I.
|
| 710 |
2 |
|
|a Texas Agricultural Experiment Station.
|
| 830 |
|
0 |
|a Progress report (Texas Agricultural Experiment Station) ;
|v 1838.
|
| 994 |
|
|
|a C0
|b TXA
|
| 948 |
|
|
|a cataloged
|b h
|c 2010/11/01
|e rharris
|f 04:46:48 pm
|
| 999 |
|
|
|a MARS
|
| 999 |
f |
f |
|s 2adcae11-3382-376f-96e1-5ffbaacf0cd6
|i 653afe65-197a-3586-b50a-5efa5e7ffbda
|t 0
|
| 952 |
f |
f |
|p normal
|a Texas A&M University
|b College Station
|c Sterling C. Evans Library
|d Evans: Texas Documents (Annex 5th floor)
|t 0
|e Z TA245.7 P943 no.1801-1850
|h Superintendent of Documents classification
|i unmediated -- volume
|k no.1801-1850
|l 1955:July 22-1956:Feb.21
|m A14816107655
|
| 952 |
f |
f |
|a Texas A&M University
|b College Station
|c Sterling C. Evans Library
|d Evans: Texas Documents (Annex 5th floor)
|t 0
|e Z TA245.7 P943 no.1801-1850
|h Superintendent of Documents classification
|
| 998 |
f |
f |
|a Z TA245.7 P943 no.1801-1850
|s no.1801-1850
|t 0
|l Evans: Texas Documents (Annex 5th floor)
|